ՀՀ Գիտությունների ազգային ակադեմիայի հիմնարար գիտական գրադարան  =   Fundamental Scientific Library of NAS RA

Ազնավուրը Հայաստանում = (Record no. 541256)

MARC details
000 -LEADER
fixed length control field 01522nam a2200265 a 4500
001 - CONTROL NUMBER
control field 000639978
003 - CONTROL NUMBER IDENTIFIER
control field AM-YEHGA
005 - DATE AND TIME OF LATEST TRANSACTION
control field 20260309155130.0
008 - FIXED-LENGTH DATA ELEMENTS--GENERAL INFORMATION
fixed length control field 090309s1989 ai o|||gr|||||000|||arm|d
040 ## - CATALOGING SOURCE
Original cataloging agency AM-YeHGA
041 0# - LANGUAGE CODE
Language code of text/sound track or separate title arm
-- rus
100 1# - MAIN ENTRY--PERSONAL NAME
Personal name Ադիյան, Վիկտոր
Relator term հեղինակ
Relationship aut
Relator term կազմող
Relationship com
Relator term լուսանկարիչ
Relationship pht
245 10 - TITLE STATEMENT
Title Ազնավուրը Հայաստանում =
Remainder of title Азнавур в Армении ։ 4-7 փետրվարի, 1989 թ. : [Լուսանկարների հավաքածու] /
Statement of responsibility, etc. Հեղինակ-կազմող և լուսանկարիչ՝ Վ. Ադիյան ; Շարադրանքը՝ Ա. Գևորգյանի ; Երգի թարգմանությունը՝ Վ. Աթաբեկյանի և Գ. Կուբատյանի ; Հայաստանի Ժուռնալիստների միություն
246 11 - VARYING FORM OF TITLE
Title proper/short title Азнавур в Армении ։
Remainder of title 4-7 февраля, 1989 г.
260 ## - PUBLICATION, DISTRIBUTION, ETC.
Place of publication, distribution, etc. Երևան :
Name of publisher, distributor, etc. Վիկտար,
Date of publication, distribution, etc. 1989.
300 ## - PHYSICAL DESCRIPTION
Extent [15] թ. :
Other physical details լուսանկ. ;
Dimensions 19x26 սմ.
546 ## - LANGUAGE NOTE
Language note Տեքստը հայ և ռուս.
600 14 - SUBJECT ADDED ENTRY--PERSONAL NAME
Personal name Ազնավուր, Շառլ,
Dates associated with a name 1924-
650 14 - SUBJECT ADDED ENTRY--TOPICAL TERM
Topical term or geographic name entry element Հայ բարեգործներ
General subdivision Լուսանկերների հավաքածու
700 1# - ADDED ENTRY--PERSONAL NAME
Personal name Գևորգյան, Աստղիկ
Relator term տեքստ
Relationship txt
700 1# - ADDED ENTRY--PERSONAL NAME
Personal name Աթաբեկյան, Վահագն
Relator term թարգմանիչ
Relationship trl
700 1# - ADDED ENTRY--PERSONAL NAME
Personal name Կուբատյան, Գեորգի
Relator term թարգմանիչ
Relationship trl
9 (RLIN) 2608
710 1# - ADDED ENTRY--CORPORATE NAME
Corporate name or jurisdiction name as entry element Հայաստանի ժուռնալիստների միություն
942 ## - ADDED ENTRY ELEMENTS (KOHA)
Source of classification or shelving scheme Universal Decimal Classification
Koha item type Գրքեր / Books
Holdings
Withdrawn status Lost status Source of classification or shelving scheme Damaged status Not for loan Collection Home library Current library Date acquired Total checkouts Full call number Barcode Date last seen Price effective from Koha item type Public note
    Universal Decimal Classification       Fundamental Scientific Library Fundamental Scientific Library 25/02/2026   ԱՍՀ/204 FL0703707 25/02/2026 25/02/2026 Գրքեր / Books ILL Non-Circ.


ՀՀ ԳԱԱ հիմնարար գիտական գրադարան
ՀՀ,Երևան 0019
Մարշալ Բաղրամյան 24/6
հեռախոս:(374-10) 52-47-50
Հետադարձ կապ

All site content, except where otherwise noted, is licensed under a
Creative Commons License